[Event "XII Americas Continental-ch 2017"]
[Site "Medellin"]
[Date "2017.06.17"]
[Round "10"]
[White "Shabalov, Alexander"]
[Black "Ruiz Castillo, Joshua Daniel"]
[Result "1-0"]
[WhiteElo "2556"]
[BlackElo "2367"]
[Annotator "TA"]
[PlyCount "189"]
[EventDate "2017.??.??"]
[EventType "swiss"]
[EventCountry "COL"]
[SourceTitle "playchess.com"]
[Source "ChessBase"]
[SourceQuality "1"]

{[%evp 10,189,-12,-21,14,-9,-11,-14,0,0,17,4,19,16,25,0,0,0,15,12,31,29,31,27,47,21,69,63,58,12,12,0,12,0,14,0,23,26,50,51,254,62,102,0,0,0,0,-12,-27,-66,-33,-77,-66,-68,-68,-66,-49,-49,-49,-49,-27,-49,-35,-66,0,0,0,-66,-66,-66,-66,-66,-66,-66,-66,-66,-66,-66,-66,-66,-59,-66,-59,-59,-33,-25,-49,-58,-36,-71,-36,-30,0,0,0,-47,-57,-69,-41,-45,0,-89,0,-48,-43,-45,-41,-41,-32,-23,-23,-58,-10,-22,0,-58,-60,-61,-58,-92,-39,-62,-61,-58,0,0,0,0,0,0,8,0,0,0,0,0,0,0,0,0,0,0,0,0,0,0,0,0,0,0,0,0,0,0,0,0,0,0,23,0,0,0,0,0,0,0,0,0,0,0,0,0,183,181,154,62,189,205,229,222,379,385]} 1. e4 c5 2. Nc3 g6 3. h4 (3. d4 cxd4 4. Qxd4 Nf6 5. Nf3 Nc6 6. Qa4 d6 7. e5 dxe5 8. Nxe5 Bd7 9. Nxd7 Qxd7 10. Be3 Bg7 11. Rd1 Qg4 12. Rd4 Qf5 13. Bd3 Qe5 14. Rb4 Qc7 15. Bb5 O-O 16. Rc4 {0-1 (36) Wei,Y (2706)-Bu,X (2681) China 2015}) 3... h5 4. Bc4 Nc6 5. Nf3 Bg7 6. d3 {LiveBook: 4 Games. B23: Closed Sicilian: Lines without g3} Na5 7. Bb3 Nf6 $146 ({Predecessor:} 7... Nxb3 8. axb3 d6 9. Be3 Nf6 10. Qd2 b6 11. Bg5 {1-0 (41) Matinian,N (2291)-Simonov,V (2301) Vladimir 2008}) 8. Bg5 {The position is equal.} Nxb3 9. axb3 d6 10. Qd2 a6 11. O-O Bg4 12. Nh2 $36 {[%mdl 2048] White has good play.} Bd7 13. Rae1 O-O 14. Bh6 b5 15. Bxg7 Kxg7 16. f4 b4 17. Nd1 d5 18. e5 Nh7 19. Ne3 d4 20. Nc4 a5 21. Qf2 Ra6 22. Nf3 Qa8 23. Nfd2 Rc8 24. Ne4 Nf8 $2 {[#]} (24... Bf5 $1 $14) 25. Ng3 $2 ({White must play} 25. e6 $1 $18 {[%cal Re6d7][%mdl 512]} Bxe6 (25... Rxe6 26. f5) 26. Nxc5 $1 {[%mdl 512]}) 25... Bf5 $1 $14 26. e6 (26. Ra1 $16) 26... f6 $1 $11 (26... Bxe6 $2 27. f5 $18) 27. Nxf5+ gxf5 28. Qg3+ Ng6 29. Rf3 Rf8 30. Ra1 Qd5 31. Rxa5 Rxa5 32. Nxa5 Ra8 33. Nc4 Ra6 34. Rf1 Rxe6 35. Qf2 Qa8 36. g3 Kf8 (36... Ra6 $15) 37. Qd2 {Qd1 is the strong threat.} Kg7 {[%cal Bf8g7,Bg7h6,Bh6g6,Bg6f7][%mdl 32]} 38. Kf2 (38. Qf2 $11) 38... Ra6 $15 39. Qd1 Kh6 $1 40. Re1 e6 41. Qf3 {And now Qxa8 would win.} Qa7 42. Ke2 Nh8 43. Kd2 Nf7 44. Qh1 Kg6 45. Rf1 Nd8 (45... Nh6 {with more complications.} 46. Kd1 Qd7 47. Ke2 Qd5 48. Kd2 Kf7) 46. Re1 Qb7 (46... Kh6 {seems wilder.} 47. Rg1 Kg7 48. Rf1 Nf7 49. Qf3 Kh6) 47. Qxb7 Nxb7 {[%mdl 4096] Endgame KRN-KRN} 48. Ke2 Kf7 49. Rc1 Ke7 50. c3 $1 Nd8 51. cxb4 cxb4 52. Kf3 Nc6 53. Re1 Kd7 54. Kf2 Ke7 55. Kf3 Kd7 56. Kf2 Ne7 57. Kf3 Nd5 58. Rc1 Nc7 59. Ke2 Nb5 60. Kd2 Ke7 61. Rc2 Kd7 62. Rc1 Na7 63. Re1 Nc6 64. Rf1 {[#]} Nb8 (64... Na5 $1 $17 65. Nxa5 Rxa5) 65. Re1 Kc7 66. Rc1 Kb7 (66... Nc6 $15) 67. Ke2 $11 Nd7 68. Nd2 Rc6 69. Ra1 Ra6 70. Rc1 Nb8 71. Rc5 Nc6 72. Nc4 Kc7 73. Kd2 Ra1 74. Ke2 Kd7 75. Rb5 Ra7 76. Kd2 Kc7 77. Ke2 Ra8 78. Rc5 Ra6 79. Kd2 Ra1 80. Ke2 Ra8 81. Kf2 Kd7 82. Rb5 Rb8 83. Rc5 $1 Rb7 84. Ke2 (84. g4 $5 {[%cal Rg4f5]}) 84... Ne7 85. Ra5 Nc6 86. Rc5 Rb8 87. Kf2 Ne7 88. Ra5 Nd5 89. Ra6 Nc7 90. Rd6+ Kc8 $2 (90... Ke7 $11 {and Black has nothing to worry.}) 91. Nb6+ $18 ({Resist} 91. Rxd4 $6 Nb5 $16) 91... Kb7 92. Na4 ({Better is} 92. Nd7 $16 Ra8 93. Nc5+ (93. Nxf6 Ra2 $16) 93... Kc8 94. Rxd4 (94. Nxe6 Nxe6 95. Rxe6 Ra2 $16)) 92... Re8 ({Black should play} 92... Nd5 $1 $14) 93. Nc5+ ({But not} 93. Rxd4 Nd5 $16) 93... Kc8 94. Rxd4 Nd5 $2 {[#]} (94... Rd8 {was necessary.} 95. Rxb4 Rd6) 95. Nxe6 $1 {[%mdl 512] Precision: White = 59%, Black = 42%.} 1-0

[Event "XII Americas Continental-ch 2017"]
[Site "Medellin"]
[Date "2017.06.17"]
[Round "10"]
[White "Erenburg, Sergey"]
[Black "Iturrizaga Bonelli, Eduardo"]
[Result "1/2-1/2"]
[WhiteElo "2550"]
[BlackElo "2663"]
[Annotator "TA"]
[PlyCount "25"]
[EventDate "2017.??.??"]
[EventType "swiss"]
[EventCountry "COL"]
[SourceTitle "playchess.com"]
[Source "ChessBase"]
[SourceQuality "1"]

{[%evp 19,25,29,62,-2,-12,-9,-1,-10]} 1. e4 c6 2. d4 d5 3. e5 Bf5 4. Nf3 e6 5. Be2 Nd7 6. O-O h6 7. Nbd2 Ne7 {B12: Caro-Kann: Advance Variation} 8. Nb3 g5 (8... Qc7 9. Bd2 g5 10. c4 a5 11. Rc1 dxc4 12. Bxc4 Bg7 13. Re1 O-O 14. h4 g4 {1-0 (39) Vachier Lagrave,M (2804)-Tomashevsky,E (2716) Doha 2016}) 9. a4 Bg7 10. a5 O-O {LiveBook: 5 Games} 11. c4 (11. c3 $14) 11... dxc4 $11 12. Bxc4 Rc8 $146 ({Predecessor:} 12... Nd5 13. Re1 Qe7 14. Bd3 Bxd3 15. Qxd3 {½-½ (41) Burg,T (2507)-Dragun,K (2580) Maastricht 2015}) 13. Be3 1/2-1/2

[Event "XII Americas Continental-ch 2017"]
[Site "Medellin"]
[Date "2017.06.17"]
[Round "10"]
[White "Garcia Pantoja, Roberto"]
[Black "Palencia Morales, Wilson Guillermo"]
[Result "1-0"]
[WhiteElo "2500"]
[BlackElo "2343"]
[Annotator "TA"]
[PlyCount "81"]
[EventDate "2017.??.??"]
[EventType "swiss"]
[EventCountry "COL"]
[SourceTitle "playchess.com"]
[Source "ChessBase"]
[SourceQuality "1"]

{[%evp 21,81,39,55,8,8,8,15,7,36,29,39,36,27,32,43,0,89,81,83,66,129,130,177,183,391,264,893,450,436,410,491,482,482,467,510,352,620,613,583,195,187,189,190,118,262,0,142,130,142,146,117,0,1580,1445,29994,29995,29996,29997,29997,29998,29998,29999]} 1. e4 {[%cal Be2e4,Be4e5][%mdl 32]} e6 2. d4 d5 3. Nc3 Nf6 4. e5 Nfd7 5. f4 c5 6. Nf3 Nc6 7. Be3 Qb6 8. Na4 Qa5+ 9. c3 cxd4 10. b4 Qc7 11. Nxd4 a6 {LiveBook: 13 Games} 12. Nb3 {C11: French: Classical System: 4 e5 and 4 Bg5 dxe4} (12. a3 b5 13. Nb2 Nb6 14. Be2 Bd7 15. O-O Be7 16. Qe1 O-O 17. Qf2 Rab8 18. Bd3 f5 19. h3 Nc4 20. Nxc4 dxc4 {0-1 (72) Motylev,A (2653)-Fedoseev,V (2664) Khanty-Mansiysk 2015}) 12... g5 $146 ({Predecessor:} 12... Be7 13. Bd3 g6 14. O-O f6 15. exf6 Nxf6 16. Bb6 Qb8 17. Qe2 e5 18. fxe5 Qxe5 19. Rae1 Qxe2 20. Rxe2 {½-½ (42) Morgunov,A (2307)-Mamyrbay,A (2078) Kazan 2014}) 13. g3 h5 14. h4 {The position is equal.} gxf4 (14... d4 $5 15. Nxd4 b5 $11) 15. gxf4 b6 16. Qd2 Bb7 {...d4! is the strong threat.} 17. Rh3 {[%cal Bh1h3,Bh3g3,Bg3g7][%mdl 32]} Be7 18. Qf2 {[%cal Ra4b6]} Bd8 (18... d4 $1 $11 19. Nxd4 b5) 19. Bd3 Rg8 20. Rg3 Rh8 (20... Rxg3 $14 21. Qxg3 Be7) 21. Rg7 $16 Ne7 22. Nd4 Kf8 $2 (22... Bc8 23. Kd2 b5) 23. Qg3 $18 {Black must now prevent Kd2.} b5 $2 (23... Bc6) 24. Nc5 Nxc5 25. bxc5 Bc8 26. Rh7 Rxh7 27. Bxh7 Qa5 28. Bd2 Qa3 $2 {[#]} (28... Qc7 29. f5 exf5) 29. f5 $1 {[%mdl 512]} exf5 {[#]} 30. c6 $2 (30. e6 $1 {[%mdl 512]} Bxe6 31. Qe5) 30... Bb6 31. Qg5 $36 {[%mdl 2048] White is on the roll.} Bxd4 32. cxd4 {aiming for Qf6.} Qf3 (32... f4 $16) 33. Qh6+ (33. Qf6 $1 $18 {[%cal Rf6h8] White wants to mate with Qh8+.} Qh1+ 34. Ke2 Qg2+ 35. Kd1 (35. Kd3 Qe4+ 36. Kc3 b4+ 37. Kb2 Qxd4+ 38. Kc2 Qc5+ 39. Kb1 Qg1+ 40. Kc2 Qc5+ 41. Kb2 Qd4+ 42. Kc2 Qc4+ 43. Kb2 Nxc6 $11) 35... Qf1+ 36. Kc2 Qc4+ 37. Kd1 Qf1+ 38. Kc2 Qc4+ 39. Kb2 Qxd4+ 40. Bc3 Qf2+ 41. Kb3) 33... Ke8 $16 {Strongly threatening ...Qh1+.} 34. Qf6 $1 {[%cal Rf6h8][%mdl 1024] White has strong compensation.} Qh1+ 35. Ke2 {[%cal Be1e2,Be2d1,Bd1c1][%mdl 32] White threatens Qh8+ and mate.} Qg2+ {[#]} 36. Kd1 $1 {[%cal Rd1c1]} ({Wrong is} 36. Kd3 $2 Qe4+ 37. Kc3 {[#]} b4+ $1 {[%mdl 512]} 38. Kb2 Qxd4+ 39. Kc2 Qc4+ 40. Kb2 Nxc6 $17) 36... Qg4+ $2 {[%mdl 8192]} (36... Qf1+ $11 37. Be1 Qd3+ 38. Bd2 Qf1+ 39. Be1 Qd3+ 40. Bd2 Qf1+) 37. Kc1 $18 Ng6 38. Bxg6 {White mates.} fxg6 39. Qh8+ Kf7 40. Qh7+ Ke8 41. Qg8+ {Precision: White = 62%, Black = 33%.} 1-0

[Event "XII Americas Continental-ch 2017"]
[Site "Medellin"]
[Date "2017.06.17"]
[Round "10"]
[White "Barrientos, Sergio E"]
[Black "Torres, Juan Camilo"]
[Result "1-0"]
[WhiteElo "2463"]
[BlackElo "2275"]
[Annotator "TA"]
[PlyCount "113"]
[EventDate "2017.??.??"]
[EventType "swiss"]
[EventCountry "COL"]
[SourceTitle "playchess.com"]
[Source "ChessBase"]
[SourceQuality "1"]

{[%evp 19,113,41,45,20,27,19,18,0,0,0,0,0,0,20,8,0,0,-5,0,0,0,-18,-9,-32,-7,-22,-20,-26,33,27,34,0,0,-87,-75,-143,-125,-198,-194,-190,-114,-333,-335,-280,-169,-152,-93,-68,30,48,43,37,36,36,93,78,80,23,72,22,29,27,47,47,47,53,39,36,61,58,113,60,68,62,189,179,319,323,318,318,292,280,333,323,420,431,416,435,823,395,924,476,2018,664,29948,12836]} 1. e4 e5 2. Nf3 Nc6 3. Bb5 a6 4. Ba4 Nf6 5. O-O Be7 6. Re1 b5 7. Bb3 d6 8. c3 O-O 9. d4 Nd7 10. a4 Bb7 11. d5 {C90: Closed Ruy Lopez with 7...d6: Early deviations} Na5 12. Ba2 c6 (12... c5 13. dxc6 Bxc6 14. axb5 axb5 15. Bd5 Nc4 16. Na3 Bxd5 17. Qxd5 Nxa3 18. Rxa3 Rxa3 19. bxa3 {½-½ (60) Ragger,M (2703)-Costachi,M (2430) Graz 2017}) 13. b4 {The position is equal.} cxd5 $146 ({Predecessor:} 13... Nc4 14. Bxc4 bxc4 15. dxc6 Bxc6 16. Na3 f5 17. exf5 Nb6 18. a5 Nd5 19. Nxc4 Nxc3 {½-½ (73) Fernandez Aguado,J (2470)-Garcia Callejo,J (2350) Lleida 1991}) 14. bxa5 dxe4 15. Nfd2 Nc5 16. Ba3 d5 17. Bxc5 Bxc5 18. Nb3 Be7 19. axb5 axb5 20. N1d2 Kh8 21. Qe2 Qd7 22. Red1 {Hoping for Nxe4!} f5 23. Nf1 b4 (23... Rfc8 $11) 24. cxb4 $14 Bxb4 25. Qb2 Qe7 26. Rab1 {[#]} (26. Nc1 $11 {keeps the balance.} Ba3 27. Qb5) 26... Ba3 $1 $17 {[%cal Ra3b2][%mdl 1024] Black has strong compensation.} 27. Qd2 (27. Qc2 $142) 27... d4 28. Nc1 (28. Nxd4 $17 exd4 29. Qxd4) 28... f4 $19 29. Qe1 f3 (29... Ra6 $19 30. Bc4 Rg6) 30. g3 $2 (30. gxf3 $17 Rxf3 31. Ng3) 30... Qd7 31. Ne3 Ba6 {And now ...Qh3 would win.} 32. Bc4 Qc7 (32... Qa4 $142 33. Bb3 Qd7) 33. Bxa6 $17 dxe3 (33... Rxa6 $15 34. Nd5 Qd7) 34. Qxe3 $11 Bc5 35. Qxe4 {Strongly threatening Bd3.} Rxa6 36. Nb3 {Threatens to win with Rbc1.} Bd4 (36... h6 $14) 37. Rbc1 Qa7 38. Rc2 (38. Nxd4 $16 exd4 39. Rxd4) 38... Qa8 39. Qe1 h6 40. h3 Qd5 41. Qb4 $36 {[%mdl 2048] White has good play.} Raa8 42. Nxd4 exd4 43. Rc5 Qe6 44. g4 d3 ({Black should try} 44... Qa2 $14) 45. Rxd3 ({Better is} 45. Qc3 $16) 45... Rab8 $14 46. Qd2 Qe7 (46... Qe2 $1 $14 47. Rc1 Rb2) 47. Rd6 Rf6 (47... Kg8 {might work better.}) 48. Rxf6 $18 Qxf6 {[%mdl 4096] Endgame KQR-KQR} 49. Rf5 Qc6 50. Qf4 Ra8 51. Kh2 ({Weaker is} 51. Qxf3 Qxf3 52. Rxf3 Rxa5 $16) 51... Qc8 52. Qxf3 Qc7+ 53. Kg2 Qd8 {[#]} (53... Ra6 $142 54. Rf8+ Kh7 55. Qe4+ g6) 54. h4 (54. a6 $142 $1 Kg8 (54... Rxa6 55. Rf8+) 55. Qb7) 54... Kh7 $2 (54... Kg8 55. Qd5+ Qxd5+ 56. Rxd5 Kf7) 55. g5 Ra6 (55... Qe8 $142 56. Rc5 Ra7 57. gxh6 Rf7 58. Qd3+ Kxh6 59. Qd2+ Kh7 60. Qc2+ g6) 56. Rd5 (56. Rf8 $142 Qxf8 57. Qxf8 Rxa5 58. Qb4 Rxg5+ 59. hxg5) 56... Qa8 57. Qd3+ {Precision: White = 43%, Black = 38%.} 1-0

[Event "XII Americas Continental-ch 2017"]
[Site "Medellin"]
[Date "2017.06.17"]
[Round "10"]
[White "Terry, Renato"]
[Black "Valdes Romero, Leonardo"]
[Result "1-0"]
[WhiteElo "2454"]
[BlackElo "2407"]
[Annotator "TA"]
[PlyCount "135"]
[EventDate "2017.??.??"]
[EventType "swiss"]
[EventCountry "COL"]
[SourceTitle "playchess.com"]
[Source "ChessBase"]
[SourceQuality "1"]

{[%evp 19,135,57,53,50,50,43,44,39,40,35,44,53,81,55,59,57,77,38,63,5,54,43,52,46,63,56,56,51,48,42,154,159,158,152,129,94,153,159,193,193,185,164,166,105,101,106,109,102,130,95,109,58,111,44,132,73,154,145,145,148,146,122,159,125,135,78,113,58,191,0,125,0,186,180,275,265,604,585,1208,1130,1145,1016,987,975,1082,1083,1062,1034,1483,1473,1367,1331,29969,8520,29981,29982,29982,29983,29983,29984,29980,29971,29982,29983,29989,29990,29990,29991,29990,29986,29990,29991,29992,29991,29990,29990,29996,29997]} 1. d4 d6 2. c4 Nf6 3. Nc3 Nbd7 4. g3 e5 5. e3 Be7 6. Bg2 O-O 7. Nge2 c6 8. O-O Re8 9. b3 Bf8 10. Qc2 {A53: Old Indian Defence without Nf3} Qc7 {LiveBook: 4 Games} 11. Bb2 a6 12. Rac1 {White is slightly better.} Rb8 13. Rfd1 g6 {[#]} 14. h3 $146 h5 15. Rd2 Be7 16. Rf1 Bf8 17. Rfd1 Ra8 18. d5 c5 19. e4 (19. Ra1 $14) 19... Qd8 20. a4 Bh6 21. Rd3 $1 h4 22. Rf1 Nh5 23. Bc1 Bxc1 24. Qxc1 Ndf6 (24... Kg7 $1 $14) 25. g4 $16 ({Don't do} 25. gxh4 Nh7 $14) 25... Ng7 26. f4 Nh7 27. f5 g5 {[#]} (27... Rf8 $142) 28. f6 $1 {[%mdl 512]} Nxf6 29. Qxg5 Nh7 30. Qh6 Rf8 31. Rdf3 (31. g5 $18) 31... Ne8 32. Qc1 Qg5 33. Qe1 Qh6 34. a5 Ng5 35. Rd3 (35. R3f2 $16) 35... Bd7 ({Black should try} 35... Rb8 $14) 36. Nd1 (36. Na4 $16) 36... Ng7 (36... Rb8 $1 $14) 37. Ne3 (37. b4 $142) 37... Rab8 (37... Qh7 $142) 38. b4 $1 Rfc8 39. bxc5 Rxc5 40. Qb4 Nh7 41. Qb6 Nf8 42. Nc3 ({Better is} 42. Rb3) 42... Ne8 43. Qb4 Ng7 {[#]} (43... Ng6 $14) 44. Ne2 $2 (44. Nf5 $1 $18 {[%cal Rf5h6]} Bxf5 45. exf5) 44... Ne8 (44... Nh7 $1 $11) 45. Nc3 (45. Kh1 $16) 45... Ng7 $1 $18 {[#]} 46. Nf5 $1 $36 {[%cal Rf5h6,Be3f5,Bf5d6,Bd6f7][%mdl 2080] White is really pushing.} Qf6 {[#]} (46... Nxf5 {is a better defense.} 47. exf5 Rbc8) 47. g5 $1 {[%mdl 512]} Qxg5 $2 (47... Qd8) 48. Nxd6 Rc7 49. Nxf7 Qg6 50. Nxe5 Qh5 51. Qd6 Re8 {[#]} 52. Rxf8+ $1 Rxf8 53. Qxc7 Bxh3 54. Rxh3 Qg5 55. Ne2 Qd2 56. Rf3 Qe1+ 57. Rf1 {White mates.} Rxf1+ 58. Bxf1 Qd2 59. Qd8+ Kh7 60. Qxh4+ Kg8 61. Qf4 Qxa5 62. Qf7+ Kh7 63. Nd7 Qd2 64. Qf4 Qb2 65. e5 a5 66. Nf6+ Kg6 67. Ne4 a4 68. Qf6+ {Precision: White = 46%, Black = 41%.} 1-0

[Event "XII Americas Continental-ch 2017"]
[Site "Medellin"]
[Date "2017.06.17"]
[Round "10"]
[White "Zapata, Alonso"]
[Black "Bruzon Batista, Lazaro"]
[Result "0-1"]
[WhiteElo "2420"]
[BlackElo "2650"]
[Annotator "TA"]
[PlyCount "76"]
[EventDate "2017.??.??"]
[EventType "swiss"]
[EventCountry "COL"]
[SourceTitle "playchess.com"]
[Source "ChessBase"]
[SourceQuality "1"]

{[%evp 9,76,31,30,23,19,16,33,-29,-28,-38,-35,-65,-65,-60,-68,-58,-64,-61,-62,-85,-68,-87,-74,-108,-64,-90,-75,-70,-61,-67,-59,-62,-59,-77,-63,-59,-61,-82,-81,-122,-129,-121,-110,-112,-118,-129,-129,-125,-120,-124,-109,-110,-109,-139,-100,-258,-255,-554,-548,-543,-540,-34,-497,-684,-675,-6019,-1964,-29966,-29969]} 1. e4 e5 2. Nf3 Nc6 3. Bb5 g6 4. c3 a6 5. Bxc6 (5. Ba4 d6 6. d4 Bd7 7. dxe5 Nxe5 8. Nxe5 dxe5 9. Be3 Nf6 10. Nd2 b5 11. Bb3 Bd6 12. Qf3 h6 13. a4 Rb8 14. axb5 axb5 15. O-O {1-0 (36) Sutovsky,E (2650)-Rodshtein,M (2701) Poikovsky 2017}) 5... dxc6 {[%cal Bd7c6,Bc6c5][%mdl 32]} 6. O-O {C60: Ruy Lopez: Unusual Black 3rd moves and 3...g6} Bg7 7. d4 exd4 8. Nxd4 (8. cxd4 $14 Ne7 9. Nc3) 8... c5 $11 9. Nb3 {Strongly threatening Qxd8+.} b6 10. Qxd8+ $146 ({Predecessor:} 10. Bf4 Bb7 11. Qxd8+ Kxd8 12. Rd1+ {½-½ (23) Bakre,T (2459)-Priyadharshan,K (2298) New Delhi 2007}) 10... Kxd8 11. Bg5+ f6 12. Rd1+ Bd7 $1 13. Bf4 Kc8 14. Na3 Be6 15. Nc2 Ne7 16. Rd2 Nc6 17. Rad1 Rf8 18. Ne3 Rf7 19. f3 Kb7 20. Kf2 a5 {[%cal Ba6a5,Ba5a4,Ba4a3][%mdl 32]} 21. Nc1 a4 22. h4 Re8 23. h5 a3 24. hxg6 hxg6 25. b3 f5 26. exf5 Bxc3 27. fxe6 Rxf4 28. Rd7 Bd4 29. Ne2 Bxe3+ 30. Kxe3 Rf6 31. Nf4 Nb4 {[#] Hoping for ...g5.} 32. Rg7 $2 (32. Rd8 $17 {is a better defense.} Rff8 33. Kf2) 32... Nxa2 $19 {Threatens to win with ...Nb4.} 33. Rdd7 $2 (33. Rxc7+ {was necessary.} Kxc7 34. Nd5+ Kc6 35. Nxf6 Rxe6+ 36. Ne4) 33... Nb4 34. Rxc7+ Ka6 35. Ra7+ Kb5 36. g4 a2 {[#] aiming for ...Na6.} 37. g5 Rexe6+ (37... Rfxe6+ $142 38. Nxe6 Rxe6+ 39. Kf4 Na6) 38. Nxe6 Rxe6+ {Precision: White = 33%, Black = 81%.} 0-1

[Event "XII Americas Continental-ch 2017"]
[Site "Medellin"]
[Date "2017.06.17"]
[Round "10"]
[White "Fernandez, Fernando"]
[Black "Ramirez, Alejandro"]
[Result "1/2-1/2"]
[WhiteElo "2416"]
[BlackElo "2552"]
[Annotator "TA"]
[PlyCount "135"]
[EventDate "2017.??.??"]
[EventType "swiss"]
[EventCountry "COL"]
[SourceTitle "playchess.com"]
[Source "ChessBase"]
[SourceQuality "1"]

{[%evp 23,135,11,5,9,16,6,38,0,3,22,31,10,23,9,20,0,-4,-40,10,-55,12,-2,0,-62,-44,-31,-35,-102,-95,-278,-286,-287,-288,-277,-241,-257,-160,-197,-42,-131,-131,-142,-115,-139,-138,-123,-121,-142,-137,-188,-185,-137,-54,-55,-68,-68,-63,-65,0,0,25,0,0,0,0,0,0,0,48,48,48,48,48,48,61,48,48,48,48,52,52,46,51,45,55,55,56,47,44,21,81,81,144,104,214,141,124,119,237,96,151,0,13,0,0,0,8,0,0,0,0,0,0,0]} 1. e4 c5 2. Nf3 e6 3. d4 cxd4 4. Nxd4 Nc6 5. Nc3 Qc7 6. Be3 a6 7. Qd2 Nf6 8. O-O-O Bb4 9. f3 Ne5 10. Nb3 b5 11. Kb1 {B48: Sicilian: Taimanov: 5 Nc3 Qc7 6 Be3 a6 without Be2} Be7 12. Qf2 Bb7 {LiveBook: 4 Games} 13. Na5 $146 ({Predecessor:} 13. Bb6 Qb8 14. Bd4 d6 15. g4 b4 16. Na4 Nxf3 17. Qxf3 Bxe4 18. Qh3 Bxh1 {0-1 (53) Akopian,V (2657)-Giri,A (2776) Doha 2014}) 13... O-O (13... Qxa5 $2 14. Bb6 $18) 14. Bb6 Qc8 15. Rg1 d6 16. g4 Nfd7 17. Bd4 (17. f4 $5 {[%cal Rf4e5]} Ng6 18. Nxb7 Qxb7 19. Bd4 $15) 17... Nc6 (17... Bd8 $5 {[%cal Rd8a5]} 18. Nxb7 Qxb7 $11) 18. Nxc6 Qxc6 19. g5 b4 20. Ne2 $1 a5 {[%cal Ba6a5,Ba5a4][%mdl 32]} 21. Nf4 (21. h4 $1 $11) 21... Rfe8 (21... a4 $15) 22. Bh3 Bf8 $36 {[%mdl 2048] Black is more active.} 23. Nh5 (23. g6 $11 hxg6 24. Bxe6 fxe6 25. Nxg6) 23... g6 24. Nf6+ Nxf6 25. gxf6 (25. Bxf6 $15 Rec8 26. Rd2) 25... a4 26. Qh4 $2 {[#]} (26. Bf1 $17) 26... b3 $1 $19 {[%mdl 512]} 27. Rg2 (27. axb3 axb3) 27... bxa2+ 28. Ka1 e5 29. Bc3 Bc8 30. Bxc8 Rexc8 $2 (30... a3 $1 $19 31. Be6 Rxe6) 31. Rd3 (31. Bb4 $1 $15) 31... Rab8 $17 32. Qe1 Qc4 33. Qd2 Rb6 34. Rg3 Rcb8 35. Rg1 h5 36. Rd5 (36. Rd1 $17) 36... Kh7 $19 37. Rd1 Bh6 ({Black should try} 37... Qc8 $17 38. Kxa2 a3 $1 {[%mdl 512]}) 38. Qd3 $15 Qxd3 39. R5xd3 Bf4 40. h3 g5 (40... Kh6 $1 $15) 41. Rxd6 Kg6 42. Kxa2 (42. R6d3 {feels hotter.} Rc8 43. Kxa2 Rbc6 44. Ka3 Rc4 45. Rd5) 42... Rxd6 43. Rxd6 $11 {[%mdl 4096] Endgame KRB-KRB} Rc8 44. Ka3 Rc4 45. Ra6 g4 (45... Bc1 $5 {[%cal Rc4c3]} 46. Ka2 (46. Bxe5 Rc5 $11) 46... Bf4 $11) 46. fxg4 hxg4 47. hxg4 Rxe4 48. Rxa4 Re2 $1 49. b4 {[%cal Bb2b4,Bb4b5][%mdl 32]} Rxc2 50. Kb3 Rh2 $1 51. b5 {b6 is the strong threat.} Rh8 $1 52. Re4 Re8 53. Ba5 {And now Bc7 would win.} Rc8 54. Rc4 Rb8 55. Rc5 e4 56. Kc4 {aiming for Rf5.} (56. Rf5 $5 {[%cal Rf5f4]} Bg3 57. Kc2 $16) 56... e3 (56... Re8 $1 $11 {remains equal.}) 57. Kd3 $16 Re8 (57... Kxf6 $142 58. Rf5+ Kg6) 58. Ke2 $1 Rh8 (58... Bb8 $16 {was worth a try.} 59. Bc3 Ba7) 59. Rf5 Rh2+ 60. Kd3 Bg5 {[#]} (60... Bb8 $16 61. b6 (61. Kxe3 Rg2 $16) 61... e2) 61. Bc3 (61. b6 $1 $18) 61... Rh1 {[#]} (61... Rh3 $142) 62. Ke2 $2 ({White should play} 62. Re5 $1 $16) 62... Rc1 {The position is equal.} 63. Be1 Bxf6 64. Rd5 Bg5 65. Rd4 {Hoping for b6.} Rc2+ 66. Kf3 {Threatens to win with b6.} Rc1 67. Ke2 {Black must now prevent b6.} Rc2+ 68. Kf3 {Precision: White = 38%, Black = 55%.} 1/2-1/2

[Event "XII Americas Continental-ch 2017"]
[Site "Medellin"]
[Date "2017.06.17"]
[Round "10"]
[White "Fernandez Reyes, Lisandro"]
[Black "Pichot, Alan"]
[Result "0-1"]
[WhiteElo "2402"]
[BlackElo "2577"]
[Annotator "TA"]
[PlyCount "78"]
[EventDate "2017.??.??"]
[EventType "swiss"]
[EventCountry "COL"]
[SourceTitle "playchess.com"]
[Source "ChessBase"]
[SourceQuality "1"]

{[%evp 10,78,40,10,18,8,22,9,27,0,10,0,3,0,12,-16,0,-1,46,46,45,62,72,73,85,84,66,65,130,59,85,44,50,58,42,-82,-38,-48,-33,-161,-138,-141,0,0,0,0,52,45,8,-22,-37,-30,-29,-32,-32,-35,-43,-604,-595,-595,-589,-571,-587,-732,-732,-702,-717,-507,-712,-12840,-12840]} 1. e4 c5 2. Nf3 Nc6 3. d4 cxd4 4. Nxd4 e6 5. Nc3 Qc7 6. Nb3 Nf6 {B47: Sicilian: Taimanov: 5 Nc3 Qc7 6 f4, 6 g3 and 6 Be2} 7. Bd3 a6 8. f4 d6 {The position is equal.} 9. Qe2 b5 {[%cal Bb7b5,Bb5b4][%mdl 32]} 10. a4 b4 11. Nd1 Be7 12. Be3 $146 ({Predecessor:} 12. O-O Bb7 13. Nf2 e5 14. Ng4 O-O 15. Be3 Nxg4 16. Qxg4 exf4 17. Rxf4 {½-½ (43) Sokolov,A (2584)-Pelletier,Y (2589) France 2007}) 12... e5 13. f5 g6 {Threatening ...gxf5.} 14. g4 {[%cal Bg2g4,Bg4g5][%mdl 32]} d5 15. Nf2 d4 16. Bd2 h5 17. g5 Nd7 {[%cal Bf6d7,Bd7c5,Bc5d3][%mdl 32]} 18. h4 Na5 (18... Bb7 $14) 19. O-O (19. Nxa5 $16 {Threatens to win with Nb3.} Qxa5 20. Bc4) 19... Bb7 $14 20. Nh1 Nxb3 21. cxb3 Nc5 22. Rac1 (22. Bxb4 $14 Nxd3 23. Bxe7) 22... Qb6 23. a5 Qxa5 24. Ng3 ({White should try} 24. Bc4 $15) 24... Nxd3 25. Qxd3 {With the idea fxg6.} Qb5 (25... Qb6 $17 26. Kg2 a5) 26. Qxb5+ $1 $11 axb5 27. Rc7 $36 {[%mdl 2048] White has the initiative.} Rb8 (27... Bc8 $11) 28. fxg6 $14 fxg6 29. Rf6 Bxf6 30. gxf6 O-O 31. Rg7+ Kh8 32. Rxg6 Rf7 33. Bh6 $2 {[%mdl 8192] [#]} (33. Rg5 $15) 33... Kh7 $19 {Black is clearly winning.} 34. Rg5 {intending Bg7.} Rxf6 {White must now prevent ...d3.} 35. Bg7 Rg6 36. Rxg6 Kxg6 37. Bxe5 d3 {[#] Hoping for ...d2!} 38. Bf4 Rc8 39. Kf2 Rf8 {Precision: White = 33%, Black = 59%.} 0-1